ბათუმის შოთა რუსთაველის სახელმწიფო უნივერსიტეტის ბიბლიოთეკა

უდაბნო = Wilderness მოზაიკა : (ბიბ.ჩანაწერი № 53887)

000 -ლიდერი
ფიქსირებული სიგრძის საკონტროლო ველი 02158nam a2200277Ia 4500
001 - საკონტროლო ნომერი
საკონტროლო ველი 20938
003 - საკონტროლო ნომრის იდენტიფიკატორი
საკონტროლო ველი GE_BSU
005 - ბოლო ოპერაციის თარიღი და დრო
საკონტროლო ველი 20210625181529.0
008 - ფიქსირებული სიგრძის მონაცემთა ელემენტები - ზოგადი ინფორმაცია
ფიქსირებული სიგრძის საკონტროლო ველი 181216s2013||||ge |||||||||||||| ||geo||
020 ## - წიგნის საერთაშორისო სტანდარტული ნომერი
International Standard Book Number 978994144517
040 ## - კატალოგიზაციის წყარო
Transcribing agency GE_BSU
041 ## - ენის კოდი
Language code of text/sound track or separate title geo
080 ## - უნივერსალური ათობითი კლასიფიკაციის ინდექსი
Universal Decimal Classification number 821.111(71)-1 მ–85
100 ## - მთავარი ჩანაწერი - პიროვნების სახელი
Personal name მორისონი, ჯიმ
9 (RLIN) 12137
245 ## - ცნობა სათაურის შესახებ
Title უდაბნო = Wilderness მოზაიკა :
Remainder of title ჩანაწერების სერია, პროზად ნაამბობი პოეზია, პიესებისა და დიალოგების ნაწყვეტები, აფორიზმები, ეპიგრამები, ესსეები, ლექსები? რა თქმა უნდა
Statement of responsibility, etc ჯიმ მორისონი ; ინგლ. თარგმნა ქეთევან (კიტი) იოსელიანმა ; რედ. ზვიად კვარაცხელია.
264 ## - წარმოების, გამოცემის, დისტრიბუციის და სხვა ცნობები
გამოცემის, წარმოების, დისტრიბუციის... ადგილი თბილისი :
გამოცემის, წარმოების, დისტრიბუციის... სახელწოდება არტანუჯი,
გამოცემის, წარმოების, დისტრიბუციის... თარიღი 2013.
300 ## - ფიზიკური აღწერა
Extent 238 გვ. :
Other physical details ფოტ. ;
Dimensions 18 სმ.
500 ## - ზოგადი შენიშვნა
General note გარეკანის პირველ გვერდზე : უდაბნოში მდგომი 1967 წლის Shelby GT500, მანქანა, რომელიც 60-იანი წლების ამერიკაში მხოლოდ ვარსკვლავთა საკუთრება იყო
500 ## - ზოგადი შენიშვნა
General note გარეკანის ბოლო გვერდზე ჯიმ მორისონი მეგობარ გოგონასთან, პამელა სიუზენ კორსონთან ერთად
653 ## - INDEX TERM--UNCONTROLLED
Uncontrolled term მხატვრული ლიტერატურა
653 ## - INDEX TERM--UNCONTROLLED
Uncontrolled term უდაბნო = Wilderness
700 ## - ADDED ENTRY--PERSONAL NAME
Personal name იოსელიანმა, ქეთევან (კიტი)
Relator term ინგლისურიდან თარგმნა
9 (RLIN) 12138
700 ## - ADDED ENTRY--PERSONAL NAME
Personal name კვარაცხელია, ზვიად
Relator term რედაქტორი
9 (RLIN) 12139
942 ## - ADDED ENTRY ELEMENTS (KOHA)
Koha item type წიგნი
Source of classification or shelving scheme
ეგზემპლარები
ჩამოწერის სტატუსი დაკარგული ეგზემპლარის სტატუსი კლასიფიკაციის წყარო ან თაროზე გაწყობის სქემა დაზიანების სტატუსი არ გაიცემა მუდმივი მდებარეობა (დაცვის ადგილი) ამჟამინდელი ადგილსამყოფელი თაროზე განთავსების ადგილი შეძენის თარიღი ღირებულება, შესყიდვის ნორმალური ფასი სრული შენახვის შიფრი შტრიხკოდი ბოლო ოპერაციის თარიღი ეგზემპლარის მიმდევრობითი ნომერი (კეტერი?) ფასის ძალაში შესვლის თარიღი ეგზემპლარის სახეობა საჯარო შენიშვნა
          ბათუმის შოთა რუსთაველის სახელმწიფო უნივერსიტეტის მთავარი ბიბლიოთეკა ბათუმის შოთა რუსთაველის სახელმწიფო უნივერსიტეტის მთავარი ბიბლიოთეკა წიგნსაცავი 2018-12-17 9.49 821.111(71)-1 მ–85 54563 2018-12-17 54563 2018-12-17 წიგნი 9.49 ₾.